Learning Resource and Development

Literature and the child (Record no. 2776)

MARC details
000 -LEADER
fixed length control field 00859nam a22002777a 4500
005 - DATE AND TIME OF LATEST TRANSACTION
control field 20230512221620.0
008 - FIXED-LENGTH DATA ELEMENTS--GENERAL INFORMATION
fixed length control field 180315t xxu||||| |||| 00| 0 eng d
020 ## - INTERNATIONAL STANDARD BOOK NUMBER
International Standard Book Number 9781305668843
040 ## - CATALOGING SOURCE
Transcribing agency CSPC
082 0# - DEWEY DECIMAL CLASSIFICATION NUMBER
Classification number 025.55
Item number G149l
100 ## - MAIN ENTRY--PERSONAL NAME
Personal name Galda, Lee
Relator term author.
245 00 - TITLE STATEMENT
Title Literature and the child
Statement of responsibility, etc. Lee Galda
250 ## - EDITION STATEMENT
Edition statement 9th
Remainder of edition statement Edition.
260 ## - PUBLICATION, DISTRIBUTION, ETC.
Place of publication, distribution, etc. Australia :
Name of publisher, distributor, etc. Cengage Learning.
Date of publication, distribution, etc. 2017.
300 ## - PHYSICAL DESCRIPTION
Extent 521 pages :
Other physical details images, tables ;
Dimensions 26 cm.
500 ## - GENERAL NOTE
General note Includes Index.
650 10 - SUBJECT ADDED ENTRY--TOPICAL TERM
Topical term or geographic name entry element Children's literature.
650 10 - SUBJECT ADDED ENTRY--TOPICAL TERM
Topical term or geographic name entry element Children's literature
General subdivision English.
650 10 - SUBJECT ADDED ENTRY--TOPICAL TERM
Topical term or geographic name entry element Children
General subdivision Books and reading.
700 1# - ADDED ENTRY--PERSONAL NAME
Personal name Liang, Lauren Aimonette
Relator term author.
700 1# - ADDED ENTRY--PERSONAL NAME
Personal name Cullinan, Bernice E.,
Relator term author.
940 ## - EQUIVALENCE OR CROSS-REFERENCE--UNIFORM TITLE [OBSOLETE] [CAN/MARC only]
Uniform title <a href="Mar">Mar</a>
942 ## - ADDED ENTRY ELEMENTS (KOHA)
Koha item type
-- CIR 025.55 G149l 2017
Holdings
Withdrawn status Lost status Damaged status Not for loan Home library Current library Shelving location Date acquired Total Checkouts Full call number Barcode Date last seen Copy number Price effective from Koha item type
        Main Library Main Library Circulation Section 05/12/2023   CIR 025.55 G149l 2017 018223 05/12/2023 1-1 05/12/2023 Books